Statistics for All Territories of the United States

Click here to take the quiz!

General Stats

  • This quiz has been taken 21 times
  • The average score is 5 of 16

Answer Stats

Area (sq mi)Area (sq. km)Territory% Correct
35159104Puerto Rico
100%
210543Guam
89%
76197American Samoa
72%
179464Northern Mariana Islands
72%
134346U.S. Virgin Islands
72%
2.97.4Wake Island
28%
2.46.2Midway Atoll
22%
0.82.1Baker Island
11%
1.74.5Howland Island
11%
1.02.7Johnston Atoll
11%
1.84.8Jarvis Island
6%
6.918Kingman Reef
6%
2.15.4Navassa Island
6%
42110Bajo Nuevo Bank
0%
512Palmyra Atoll
0%
140350Serranilla Bank
0%

Score Distribution

Percentile by Number Answered

Percent of People with Each Score

Your Score History

You have not taken this quiz